Návrh montáže multifunkčnej píly
Saved in:
| Main Author: | |
|---|---|
| Other Authors: | |
| Format: | Manuscript Book |
| Language: | Slovak |
| Published: |
2023
|
| Subjects: | |
| Online Access: | http://is.stuba.sk/zp/portal_zp.pl?podrobnosti=164008 |
| Tags: |
No Tags, Be the first to tag this record!
|
MARC
| LEADER | 00000ntm a22000003a 4500 | ||
|---|---|---|---|
| 001 | stuzp93602 | ||
| 003 | SK-STU | ||
| 005 | 20230909215545.6 | ||
| 007 | ta | ||
| 008 | 150427s2015----xo-----f-mn---000-0-slo-d | ||
| 040 | |a STU |b slo | ||
| 041 | 0 | |a slo | |
| 100 | 1 | |a Mráz, Marek |u 063000 |4 aut |U MTF Materiálovotechnologická fakulta |T MTF Ústav výrobných technológií |X 111828 |U M3000 |Y 83 |7 111828 | |
| 242 | 0 | 1 | |a Assembly Design of the Multifunctional Saw |y eng |
| 245 | 1 | 0 | |a Návrh montáže multifunkčnej píly |
| 260 | |c 2023 | ||
| 650 | 4 | |a návrh |2 slo | |
| 650 | 4 | |a montáž |2 slo | |
| 650 | 4 | |a multifunkčná píla |2 slo | |
| 650 | 4 | |a Fusion 360 |2 slo | |
| 650 | 4 | |a design |2 eng | |
| 650 | 4 | |a assembly |2 eng | |
| 650 | 4 | |a multifunctional saw |2 eng | |
| 650 | 4 | |a Fusion 360 |2 eng | |
| 700 | 1 | |a Kamenszká, Adriana |u 063000 |k Z3 |4 ths |U MTF Materiálovotechnologická fakulta |T MTF Ústav výrobných technológií |X 80396 |U M3000 |Y 83 |7 80396 | |
| 856 | 4 | |u http://is.stuba.sk/zp/portal_zp.pl?podrobnosti=164008 | |
| 996 | |c M* BP-9638 |l MMSKP |s P |a 0 |w stuzp93602_0001 | ||